[Event "NOR-chT Club"]
[Site "Bergen"]
[Date "2018.05.10"]
[Round "6"]
[White "Fjeldstad, Kay Ove"]
[Black "Shehzad, Alisha"]
[Result "1-0"]
[WhiteElo "1690"]
[BlackElo "1669"]
[PlyCount "59"]
[EventDate "2018.05.10"]
[EventType "team-swiss"]
[EventRounds "6"]
[EventCountry "NOR"]
[SourceTitle "EXT 2019"]
[Source "ChessBase"]
[SourceDate "2018.10.10"]
[SourceVersion "1"]
[SourceVersionDate "2018.10.10"]
[SourceQuality "1"]
[WhiteTeam "Sotra"]
[BlackTeam "Sandnes"]
[WhiteTeamCountry "NOR"]
[BlackTeamCountry "NOR"]

1. e4 c5 2. Nf3 e6 3. d4 cxd4 4. Nxd4 Nc6 5. Nc3 a6 6. Be3 Nf6 7. Be2 Bb4 8. f3 Qc7 9. 0-0 0-0 10. Nxc6 bxc6 11. Bd3 d5 12. exd5 cxd5 13. Ne2 Bb7 14. Bg5 Nd7 15. c3 Bd6 16. Qc2 h6 17. Be3 Bxh2+ 18. Kf2 Bd6 19. Bh7+ Kh8 20. Rh1 Bc5 21. Nd4 e5 22. Bxh6 gxh6 23. Rxh6 Bxd4+ 24. Ke2 Kg7 25. Rg6+ Kh8 26. Rh1 fxg6 27. Qxg6 Nf6 28. Bg8+ Nh7 29. Rxh7+ Qxh7 30. Qxh7# 1-0

[Event "Straume Romjul op"]
[Site "Straume"]
[Date "2014.12.26"]
[Round "1"]
[White "Solli, Jarle"]
[Black "Fjeldstad, Kay Ove"]
[Result "0-1"]
[WhiteElo "1357"]
[BlackElo "1466"]
[PlyCount "154"]
[EventDate "2014.12.26"]
[EventType "swiss"]
[EventRounds "5"]
[EventCountry "NOR"]
[SourceTitle "EXT 2024"]
[Source "ChessBase"]
[SourceDate "2023.10.10"]
[SourceVersion "1"]
[SourceVersionDate "2023.10.10"]
[SourceQuality "1"]

1. e4 c5 2. g3 d6 3. Bg2 Nc6 4. c3 e5 5. Ne2 Qa5 6. 0-0 Bg4 7. f3 Be6 8. Na3 Nf6 9. f4 exf4 10. Nxf4 Bg4 11. Qb3 Qb6 12. Qxb6 axb6 13. Nb5 0-0-0 14. a4 Na5 15. Nd5 Nxd5 16. exd5 Nb3 17. Ra3 c4 18. d4 Be2 19. Re1 Nxc1 20. Rxc1 g6 21. a5 bxa5 22. Rxa5 h5 23. Rca1 h4 24. Kf2 Bd3 25. Bh3+ f5 26. g4 Be7 27. gxf5 gxf5 28. Re1 Kd7 29. Ra7 Rb8 30. Rg1 Be4 31. Rg6 Bxd5 32. Bxf5+ Kc6 33. Be6 Rhf8+ 34. Ke1 Be4 35. Rg7 Bf6 36. Bd7+ Kb6 37. Rg4 Bc6 38. Bxc6 bxc6 39. Rd7 cxb5 40. Rxd6+ Kc7 41. Ra6 Rb6 42. Ra7+ Kd6 43. Rg6 Kd5 44. Rh7 Ke4 45. Ke2 Kf5 46. Rg1 Ra8 47. Rh5+ Ke6 48. Kd2 Ra2 49. Kc2 Ra7 50. Re1+ Kf7 51. Rh7+ Bg7 52. Rxh4 Rh6 53. Rf4+ Rf6 54. Rg4 Rf2+ 55. Kb1 Rxh2 56. Rf4+ Bf6 57. Ref1 Ra6 58. Rf5 Rb6 59. R1f3 b4 60. cxb4 Rg2 61. b5 Kg7 62. Rd5 Rg4 63. Rd7+ Kg6 64. Rd5 Bxd4 65. Ka2 Bf6 66. Ra3 Rg2 67. Ra6 Rxb2+ 68. Ka3 R2xb5 69. Rxb5 Rxb5 70. Rc6 c3 71. Ka4 Rb8 72. Ka3 Kf5 73. Rc5+ Ke6 74. Rc6+ Kf5 75. Rc4 Bh8 76. Ra4 c2 77. Rc4 c1Q+ 0-1

[Event "Sotra Hostturneringen"]
[Site "Sotra"]
[Date "2003.10.09"]
[Round "5"]
[White "Glesnes, Ivar Magne"]
[Black "Fjeldstad, Kay Ove"]
[Result "0-1"]
[WhiteElo "598"]
[BlackElo "1227"]
[PlyCount "52"]
[EventDate "2003.08.??"]
[EventType "swiss"]
[EventRounds "10"]
[EventCountry "NOR"]
[SourceTitle "EXT 2005"]
[Source "ChessBase"]
[SourceDate "2004.11.15"]
[SourceVersion "1"]
[SourceVersionDate "2004.11.15"]
[SourceQuality "1"]

1. e4 e5 2. Nf3 Nc6 3. Nc3 Bc5 4. d3 d6 5. Ne2 Bg4 6. Ng3 Nge7 7. Be2 f5 8. exf5 Nxf5 9. Nxf5 Bxf5 10. h3 0-0 11. Be3 Nd4 12. c3 Nxf3+ 13. Bxf3 Bxe3 14. fxe3 Qh4+ 15. Kd2 e4 16. Qb3+ Kh8 17. dxe4 Bxe4 18. Qb4 Rxf3 19. gxf3 Qf2+ 20. Kd1 Bxf3+ 21. Kc1 Bxh1 22. Qd4 Qe1+ 23. Qd1 Qxe3+ 24. Qd2 Qxh3 25. b3 Rf8 26. Qe2 Qf1+ 0-1

[Event "Sotra Kretsmesterskap"]
[Site "Sotra"]
[Date "2003.03.02"]
[Round "4"]
[White "Lie, Terje"]
[Black "Fjeldstad, Kay Ove"]
[Result "0-1"]
[WhiteElo "906"]
[BlackElo "1228"]
[PlyCount "68"]
[EventDate "2003.02.??"]
[EventType "swiss"]
[EventRounds "5"]
[EventCountry "NOR"]
[SourceTitle "EXT 2005"]
[Source "ChessBase"]
[SourceDate "2004.11.15"]
[SourceVersion "1"]
[SourceVersionDate "2004.11.15"]
[SourceQuality "1"]

1. d4 d5 2. c4 c6 3. Nc3 Nf6 4. f3 Bf5 5. Bg5 Nbd7 6. e3 h6 7. Bh4 e6 8. Bd3 dxc4 9. Bxf5 exf5 10. Nge2 Be7 11. 0-0 Nd5 12. Bf2 0-0 13. Qc2 g6 14. Rad1 Nb4 15. Qb1 Nd3 16. Nf4 Nxf2 17. Rxf2 Nf6 18. Re2 Nd5 19. Qc1 Nxf4 20. exf4 Bf6 21. Red2 Re8 22. Ne2 b5 23. Qc2 Qb6 24. Kh1 Re3 25. d5 cxd5 26. Rxd5 Rae8 27. R5d2 Qe6 28. Ng1 Be7 29. Rd5 Qb6 30. g4 fxg4 31. fxg4 Bc5 32. Rf1 Re1 33. Rxe1 Rxe1 34. Rd1 Qc6+ 0-1

[Event "Sotra Kretsmesterskap"]
[Site "Sotra"]
[Date "2003.03.01"]
[Round "2"]
[White "Fjeldstad, Kay Ove"]
[Black "Dery, Shaoul"]
[Result "0-1"]
[WhiteElo "1228"]
[BlackElo "1462"]
[PlyCount "96"]
[EventDate "2003.02.??"]
[EventType "swiss"]
[EventRounds "5"]
[EventCountry "NOR"]
[SourceTitle "EXT 2005"]
[Source "ChessBase"]
[SourceDate "2004.11.15"]
[SourceVersion "1"]
[SourceVersionDate "2004.11.15"]
[SourceQuality "1"]

1. e4 c5 2. Nf3 Nc6 3. Be2 Nf6 4. Nc3 d6 5. d4 cxd4 6. Nxd4 a6 7. Be3 g6 8. 0-0 Bg7 9. f4 0-0 10. a3 Qc7 11. h3 b5 12. Bf3 Bb7 13. g4 Rad8 14. g5 Ne8 15. Nd5 Qd7 16. Bg4 e6 17. Rc1 Ne7 18. Nc3 Qc7 19. Qf3 Nf5 20. Nce2 Nxe3 21. Qxe3 Qb6 22. Rf3 Nc7 23. c3 h6 24. h4 h5 25. Bh3 e5 26. Nc2 Qc6 27. Ng3 exf4 28. Rxf4 Rde8 29. Nd4 Qc5 30. Bg2 Nd5 31. b4 Qc8 32. Qd2 Nxf4 33. Qxf4 Be5 34. Qe3 Qg4 35. Nde2 Qxh4 36. Rf1 Qg4 37. Bf3 Qc8 38. Nxh5 gxh5 39. Bxh5 Bxe4 40. Qf2 Qe6 41. Qh4 Bg6 42. Kg2 Qd5+ 43. Bf3 Qd2 44. Rh1 Bg7 45. Kf2 Re5 46. Rh2 Qe3+ 47. Kf1 Qxf3+ 48. Ke1 Rfe8 0-1

[Event "Sotra op"]
[Site "Sotra"]
[Date "2002.11.21"]
[Round "9"]
[White "Glesnes, Ivar Magne"]
[Black "Fjeldstad, Kay Ove"]
[Result "0-1"]
[WhiteElo "578"]
[BlackElo "1252"]
[PlyCount "106"]
[EventDate "2002.08.??"]
[EventType "swiss"]
[EventRounds "9"]
[EventCountry "NOR"]
[SourceTitle "EXT 2005"]
[Source "ChessBase"]
[SourceDate "2004.11.15"]
[SourceVersion "1"]
[SourceVersionDate "2004.11.15"]
[SourceQuality "1"]

1. e4 d5 2. exd5 Qxd5 3. Nc3 Qa5 4. Nf3 Bg4 5. Be2 Nf6 6. d3 e6 7. Bd2 c5 8. Ne4 Qb6 9. Nxf6+ gxf6 10. Bc3 e5 11. Nxe5 Be6 12. Nf3 Be7 13. Ng5 Bf5 14. Bh5 Rf8 15. Nxf7 Rxf7 16. Bxf7+ Kxf7 17. Qh5+ Bg6 18. Qd5+ Qe6+ 19. Qxe6+ Kxe6 20. 0-0 Nc6 21. Rfe1+ Kf7 22. Re3 Nb4 23. Re2 Rd8 24. Rae1 Rd7 25. a3 Nd5 26. Bd2 Nc7 27. Re3 Bd8 28. Ba5 b6 29. Bd2 c4 30. Bb4 cxd3 31. cxd3 Nd5 32. R3e2 Nxb4 33. axb4 Rxd3 34. Re3 Rd4 35. Ra3 Rd7 36. h3 Be7 37. Rb3 Kg7 38. b5 Bf7 39. Rbe3 Bc5 40. Re4 Bg6 41. R4e2 Bd3 42. Rd2 Bxb5 43. Rxd7+ Bxd7 44. Rd1 Ba4 45. Ra1 b5 46. Rc1 Bb6 47. Rc3 Bd4 48. Rc7+ Kg6 49. Rd7 Bxb2 50. Rxa7 Bc3 51. Kf1 Bc2 52. Ra2 Bd3+ 53. Kg1 Bb4 0-1

[Event "Sotra op"]
[Site "Sotra"]
[Date "2001.11.08"]
[Round "7"]
[White "Fjeldstad, Kay Ove"]
[Black "Brattetveit, Kenneth"]
[Result "0-1"]
[WhiteElo "1281"]
[BlackElo "1717"]
[PlyCount "150"]
[EventDate "2001.09.??"]
[EventType "swiss"]
[EventRounds "9"]
[EventCountry "NOR"]
[SourceTitle "EXT 2005"]
[Source "ChessBase"]
[SourceDate "2004.11.15"]
[SourceVersion "1"]
[SourceVersionDate "2004.11.15"]
[SourceQuality "1"]

1. e4 e6 2. d4 d5 3. e5 c5 4. c3 Nc6 5. Be3 Nge7 6. Nf3 Nf5 7. Be2 Be7 8. 0-0 0-0 9. Bf4 cxd4 10. cxd4 Qb6 11. Qd2 Ncxd4 12. Nxd4 Qxd4 13. Bd3 Bb4 14. Nc3 g6 15. a3 Be7 16. Rad1 Bd7 17. Qc1 Qc5 18. Qb1 Ng7 19. Rc1 Qd4 20. Ne2 Qb6 21. Be3 Qd8 22. Nf4 Bc6 23. Nh3 d4 24. Bh6 Qd5 25. Nf4 Qxe5 26. Rfe1 Qf6 27. Nh3 Qh4 28. Bf4 Nh5 29. Be5 Bf6 30. Bd6 Rfd8 31. Bc7 Rd7 32. Ba5 Bxg2 33. Kxg2 Qg4+ 34. Kh1 Qf3+ 35. Kg1 Qxh3 36. Re4 Qf5 37. Bd2 Qh3 38. Bf1 Qb3 39. Bc4 Qb6 40. Be2 Ng7 41. Bg4 a5 42. Bf4 Qd8 43. Rc5 Rc8 44. Rb5 Be7 45. Bf3 d3 46. Bd2 b6 47. Bd1 Rc5 48. Rb3 Rcd5 49. Bf3 Rf5 50. Bg4 Rfd5 51. Bf3 Bg5 52. Qd1 Bxd2 53. Qxd2 Qg5+ 54. Qxg5 Rxg5+ 55. Kf1 b5 56. Ke1 Rc5 57. Bd1 Nf5 58. Kd2 Rcd5 59. Bf3 a4 60. Rc3 Rd4 61. Re5 Ne7 62. Rxb5 Rf4 63. Ke3 Rxf3+ 64. Kd2 Rxf2+ 65. Kd1 Rxh2 66. Rb4 Rd5 67. Rxa4 Rg5 68. Re4 Rh1+ 69. Kd2 Rd5 70. b4 Rh2+ 71. Kd1 d2 72. Re1 dxe1Q+ 73. Kxe1 Rg5 74. Rf3 Rd5 75. a4 Rdd2 0-1